Sports Quiz

Random Sports or Olympics Quiz

The Struggle Is Real - Athletes Quiz Stats

 Plays Quiz Updated Jun 10, 2019

Score 0/20 Timer 06:00
2 Plays Today
% Correct
Lance Armstrong
93%
Tiger Woods
92.7%
Michael Jordan
92.3%
David Beckham
91.4%
Tom Brady
91.2%
Jesse Owens
89.2%
Evander Holyfield
88.9%
Billie Jean King
87.4%
Andre Agassi
86.8%
Ryan Lochte
86.2%
% Correct
Zinedine Zidane
86.1%
Pete Rose
84.1%
Tonya Harding
80.9%
Monica Seles
79.1%
Nancy Kerrigan
76.9%
Nadia Comaneci
74%
Brandi Chastain
72.1%
Marion Jones
71.4%
Lolo Jones
66.8%
Kerri Strug
64.3%

You're not logged in!

Compare scores with friends on all Sporcle quizzes.
OR
Log In

Sporcle TV

Today on Sporcle TV


Watch our educational content, quiz creation guides, and fun videos on Sporcle TV.

Show Comments

Extras

Top Quizzes Today


Score Distribution

Your Account Isn't Verified!

In order to create a playlist on Sporcle, you need to verify the email address you used during registration. Go to your Sporcle Settings to finish the process.

Report this User

Report this user for behavior that violates our Community Guidelines.

Details: